上海3号线地铁站 - Statistics

General Stats
  • This quiz has been taken 234 times
  • The average score is 23 of 29
Answer Stats
3号线地铁站 % Correct
上海火车站
95%
上海南站
95%
江杨北路
90%
虹口足球场
90%
宝山路
90%
曹杨路
90%
中山公园
90%
宜山路
90%
铁力路
86%
镇坪路
86%
延安西路
85%
长江南路
83%
大柏树
83%
金沙江路
82%
虹桥路
82%
石龙路
80%
水产路
78%
东宝兴路
78%
中潭路
78%
龙漕路
78%
江湾镇
71%
漕溪路
71%
友谊路
70%
赤峰路
69%
张华浜
67%
宝杨路
64%
殷高西路
63%
淞发路
57%
淞滨路
52%
No matching quizzes found
Score Distribution
Percent of People with Each Score
Percentile by Number Answered
Your Score History
You have not taken this quiz